000 01416nam a22002777a 4500
001 1676
005 20231019160507.0
020 _a9781402217784
040 _aDLC
_cDLC
_dDLC
_beng
050 0 0 _aPZ7.S604
_bHoaw 2009
082 0 0 _a[Fic]
_222
100 1 _aSimon, Francesca
245 1 0 _aHorrid Henry and the soccer fiend /
_cFrancesca Simon ; illustrated by Tony Ross.
260 _aNaperville :
_bSourcebooks Jabberwocky,
_c2009
300 _a101 pages :
_billustrations ;
_c20 cm
500 _a"4 laugh-out-loud stories!"--Cover.
505 _aH
520 _aAge Level: 7 and up | Grade Level: 2 to 5 Horrid Henry reads Perfect Peter's diary and improves it; goes shopping with Mom and tries to make her buy him some really nice new sneakers; is horrified when his old enemy Bossy Bill turns up at school; and tries, by any means, to win the class soccer match and defeat Moody Margaret. Francesca Simon is one of the world's best-loved children's authors. She is the only American to have ever won the Galaxy Book Award, and her creation, Horrid Henry, is the #1 bestselling chapter book series in the UK--with a hit TV show and over fifteen million copies sold!
521 1 _a510
_bLexile
521 1 _aH
_bRaz-Plus
650 1 _aBehavior
_vFiction.
650 1 _aHumorous stories.
700 1 _aRoss, Tony
_eillustrator
906 _a7
_bcbc
_corignew
_d1
_eecip
_f20
_gy-gencatlg
942 _2ddc
_cBK
_n0
999 _c1676
_d1676